مكتبة جامعة عجلون الوطنية

فهرس بحث المكتبة

Normal view MARC view
  • التنمر-الوالدين-صعوبات التعلم

Entry Topical Term

Number of records used in: 1

001 - CONTROL NUMBER

  • control field: 63312

003 - CONTROL NUMBER IDENTIFIER

  • control field: JO-AjAnu

005 - DATE AND TIME OF LATEST TRANSACTION

  • control field: 20230606084332.0

008 - FIXED-LENGTH DATA ELEMENTS

  • fixed length control field: 230606|| aca||aabn | a|a d

040 ## - CATALOGING SOURCE

  • Original cataloging agency: JO-AjAnu
  • Transcribing agency: JO-AjAnu

150 ## - HEADING--TOPICAL TERM

  • Topical term or geographic name entry element: التنمر-الوالدين-صعوبات التعلم

670 ## - SOURCE DATA FOUND

  • Source citation: Work cat.: (JO-AjAnu)32278: اعداد عبدالكريم، الاء اسعد؛ اشراف نايف علي وحشه, author 63311, اساليب المعاملة الوالدية وعلاقتهما بالتنمر لدى الطلبة ذوي صعوبات التعلم = Parental Treatment Styles and Their Relationship to Bullying Among Students With Learning Disabilities